[Event "POL-chT U20 1st League"]
[Site "Chotowa"]
[Date "2025.06.15"]
[Round "2.16"]
[White "Ferlinski, Jakub"]
[Black "Chmiel, Krzysztof"]
[Result "0-1"]
[WhiteElo "1444"]
[BlackElo "1710"]
[PlyCount "50"]
[EventDate "2025.06.14"]
[EventType "team-swiss"]
[EventRounds "9"]
[EventCountry "POL"]
[SourceTitle "CB26_2025"]
[SourceDate "2025.06.25"]
[SourceVersion "1"]
[SourceVersionDate "2025.06.25"]
[SourceQuality "1"]
[WhiteTeam "Bełchatow Jedynka"]
[BlackTeam "Wieliczka MOS"]
[WhiteTeamCountry "POL"]
[BlackTeamCountry "POL"]

1. e4 c5 2. Nf3 Nc6 3. d4 cxd4 4. Nxd4 g6 5. Nc3 Bg7 6. Be3 d6 7. Bc4 Nf6 8. f3 0-0 9. Bb3 Bd7 10. Qd2 a6 11. 0-0-0 b5 12. Nxc6 Bxc6 13. Bd4 a5 14. h4 e6 15. Bxf6 Qxf6 16. Qxd6 a4 17. Qxc6 axb3 18. axb3 b4 19. Na4 Rxa4 20. bxa4 Qxb2+ 21. Kd2 Bc3+ 22. Kd3 Rd8+ 23. Ke3 Rf8 24. a5 Qxc2 25. a6 Bd2+ 0-1